| 000 | 00420nam a22001697a 4500 | ||
|---|---|---|---|
| 005 | 20160628100403.0 | ||
| 008 | 160628b xxu||||| |||| 00| 0 eng d | ||
| 020 | _a0-85292-469-0 | ||
| 041 | _aeng | ||
| 082 | _b10710 | ||
| 100 |
_aNeale, Frances _93025 |
||
| 245 | _aThe Hand book of performance management | ||
| 260 |
_bInstitute of Personal Mgt. _c1991 |
||
| 300 | _a156 | ||
| 650 |
_aManagement _9241 |
||
| 942 | _cBK | ||
| 999 |
_c4373 _d4372 |
||